01378cam a22003611 4500999001700000001000800017003000900025005001700034008004100051020001400092035001800106040005100124082002000175245014200195250003500337264003500372264001000407300004100417336002600458337002800484338002700512490003600539504005100575650003800626650004100664653002400705655002400729700003600753700004000789906004500829942001200874952013000886 c28769d287408480306EG-ScBUE20200922101700.0711019t1971 enka f b 001 0 eng d a070941815 a(OCoLC)165759 aDLCbengerdacODaWUdOCoLCdUkdDLCdEG-ScBUE04a300.18bMET22210aMethodology in social research /cedited by Hubert M. Blalock, Jr., professor of sociology, University of North Carolina, Ann B. Blalock. aInternational student edition. 1aLondon :bMcGraw-Hill,c[1971] 4cc1971 a493 pages :billustrations ;c23 cm. 2rdacontentatextbtxt 2rdamediaaunmediatedbn 2rdacarrieravolumebnc0 aMcGraw-Hill series in sociology aIncludes bibliographical references and index. 7aSocial sciencesxResearch.2BUEsh 7aSocial sciencesxMethodology.2BUEsh bGGENcSeptember2020 vReading book9342321 aBlalock, Ann B.eeditor.9325931 aBlalock, Hubert M.,eeditor.932593 a7bcbccoclcrplduencipf19gy-gencatlg 2ddccBB 00102ddc40708BaccahaMAINbMAINc1STd2020-09-22ePurchasel0o300.18 METp000049775r2025-07-15 00:00:00w2020-09-22yBB